Физика воздуха: перевод со 2-го американского издания

Detalles Bibliográficos
Autor Principal: Гемфрис В.
Summary:Научная монография, излагающая теоретические основы главнейших разделов метеорологии. Перечень частей книги: Механика и термодинамика атмосферы. Атмосферное электричество и полярные сияния. Метеорологическая акустика. Метеорологическая оптика. Книга содержит богатый фактический материал, трактуемый совершенно оригинально. Особое внимание (7 глав) посвящено явлениям атмосферной циркуляции; в одной из них рассматриваются специально ветры, имеющие значение для авиации. Аналогичных книг на русском языке не существует. Автор — видный американский метеоролог. Книга рассчитана на специалистов метеорологов, геофизиков и физиков. В качестве учебного пособия она сможет быть использована аспирантами и студентами этих специальностей. Большую ценность она представит также и для летчиков.
Idioma:ruso
Publicado: Москва, ОНТИ НКТП, 1936
Subjects:
Formato: Libro
KOHA link:https://koha.lib.tpu.ru/cgi-bin/koha/opac-detail.pl?biblionumber=320755

MARC

LEADER 00000nam0a2200000 4500
001 320755
005 20231102003318.0
035 |a (RuTPU)RU\TPU\book\346286 
090 |a 320755 
100 |a 20160718d1936 k y0rusy50 ca 
101 1 |a rus  |c eng 
102 |a RU 
105 |a a z 001zy 
200 1 |a Физика воздуха  |e перевод со 2-го американского издания  |f В. Гемфрис 
210 |a Москва  |a Ленинград  |c ОНТИ НКТП  |d 1936 
215 |a 515 с.  |c ил. 
320 |a Библиогр.: с. 496-503 
320 |a Именной указатель: с. 504-505 
320 |a Предметный указатель: с. 506-515 
330 |a Научная монография, излагающая теоретические основы главнейших разделов метеорологии. Перечень частей книги: Механика и термодинамика атмосферы. Атмосферное электричество и полярные сияния. Метеорологическая акустика. Метеорологическая оптика. Книга содержит богатый фактический материал, трактуемый совершенно оригинально. Особое внимание (7 глав) посвящено явлениям атмосферной циркуляции; в одной из них рассматриваются специально ветры, имеющие значение для авиации. Аналогичных книг на русском языке не существует. Автор — видный американский метеоролог. Книга рассчитана на специалистов метеорологов, геофизиков и физиков. В качестве учебного пособия она сможет быть использована аспирантами и студентами этих специальностей. Большую ценность она представит также и для летчиков. 
606 1 |a Атмосфера  |x Физика  |2 stltpush  |3 (RuTPU)RU\TPU\subj\29647  |9 52931 
610 1 |a воздух 
610 1 |a библиотека А. А. Воробьева 
610 1 |a механика 
610 1 |a термодинамика 
610 1 |a метеорологические наблюдения 
610 1 |a температура 
610 1 |a давление 
610 1 |a объем 
610 1 |a вертикальный температурный градиент 
610 1 |a стратосфера 
610 1 |a плотность 
610 1 |a инсоляция 
610 1 |a атмосферная циркуляция 
610 1 |a испарение 
610 1 |a конденсация 
610 1 |a туманы 
610 1 |a облака 
610 1 |a грозы 
610 1 |a молнии 
610 1 |a атмосферное электричество 
610 1 |a полярное сияние 
610 1 |a метеорологическая акустика 
610 1 |a атмосферная оптика 
610 1 |a атмосферная рефракция 
610 1 |a отражение 
610 1 |a дифракция 
675 |a 551.510  |v 4 
700 1 |a Гемфрис  |b В. 
801 1 |a RU  |b 63413507  |c 20160718 
801 2 |a RU  |b 63413507  |c 20200213  |g RCR 
942 |c BK